3-0 Series Comebacks in Sports - Statistics

General Stats
  • This quiz has been taken 21 times
  • The average score is 3 of 5
Answer Stats
Year and Series Series Loser Series Winner % Correct
2004 AL Championship Series New York Yankees Boston Red Sox
94%
1942 Stanley Cup Finals Detroit Red Wings Toronto Maple Leafs
76%
2014 Western Conference first round San Jose Sharks Los Angeles Kings
53%
2010 Eastern Conference semifinals Boston Bruins Philadelphia Flyers
53%
1975 Stanley Cup quarterfinals Pittsburgh Penguins New York Islanders
47%
No matching quizzes found
Score Distribution
Percent of People with Each Score
Percentile by Number Answered
Your Score History
You have not taken this quiz